[Event "Interzonal-14a"]
[Site "Subotica"]
[Date "1987.??.??"]
[Round "4"]
[White "Xu, Jun"]
[Black "Tal, Mihail"]
[Result "0-1"]
[WhiteElo "2495"]
[BlackElo "2605"]
[Annotator "Stohl,I"]
[PlyCount "80"]
[EventDate "1987.06.??"]
[EventType "tourn"]
[EventRounds "17"]
[EventCountry "YUG"]
[EventCategory "11"]
[SourceTitle "CBM 003"]
[Source "ChessBase"]
[SourceDate "1988.04.01"]
[SourceVersion "1"]
[SourceVersionDate "1988.04.01"]
[SourceQuality "1"]

1. d4 Nf6 2. c4 c5 3. d5 g6 4. Nc3 Bg7 5. e4 O-O 6. Nf3 d6 7. h3 a6 8. a4 e6 9.
Bd3 exd5 10. exd5 Re8+ 11. Be3 Nh5 12. O-O Nd7 13. Qd2 (13. g4 Nhf6 {/\ h5})
13... Ne5 (13... f5 14. Bg5 Ndf6 15. Rae1 Rxe1 16. Rxe1 Bd7 {/\ Qf8, h6} 17.
Ne2 Qf8 18. Nf4 $14) 14. Nxe5 Rxe5 15. Rfe1 Qh4 $5 16. Bf1 $6 (16. Ne4 Bxh3 (
16... Rxe4 17. Bxe4 Qxe4 18. Bxc5 $16) 17. Bg5 (17. gxh3 Rxe4 $13) 17... Qg4 (
17... Rxg5 18. Qxg5 $16 (18. Nxg5 $16)) 18. f3 $14) (16. Bh6 $14 {Marin,M})
16... Bd7 $10 17. Bh6 Bxh6 (17... Rae8 18. Bxg7 Kxg7 19. Rxe5 Rxe5 20. Re1 $10)
18. Qxh6 Rae8 19. Rxe5 (19. Qd2 Qd4 $5 $15) 19... Rxe5 20. g3 Qe7 21. Qd2 $10
Ng7 (21... Nf6 22. Bg2 {/\ f4}) 22. g4 $8 (22. f4 Re3 23. g4 Rg3+ 24. Kh2 Qh4
25. Ne4 Rxg4 26. Nf6+ Qxf6 27. hxg4 Bxg4 $17) 22... g5 (22... h5 23. f4 Re3 24.
Kf2 Rxh3 25. Bxh3 Qh4+ 26. Kg1 $1 Qxh3 27. Qg2 Qxg2+ 28. Kxg2 Bxg4 29. Ne4 $16)
23. f4 gxf4 24. Qxf4 h5 25. Bg2 hxg4 26. hxg4 f5 27. gxf5 (27. Rf1 $5 fxg4 28.
Ne4 $44 Bf5 29. Ng3) 27... Rxf5 28. Qe4 (28. Qd2 Nh5) 28... Re5 29. Qf3 Re3 30.
Qf4 Nh5 31. Qh6 Re1+ (31... Qe5 32. Rf1) 32. Rxe1 Qxe1+ 33. Bf1 Qg3+ 34. Kh1
Qh4+ 35. Kg1 Qd4+ 36. Kg2 Qg4+ 37. Kh2 Qg3+ 38. Kh1 Bg4 39. Qg5+ $2 (39. Qg6+
Kf8 40. Bg2 (40. Qh6+ $2 Ke7 41. Qh7+ Kd8 $19) 40... Qxg2+ 41. Kxg2 Nf4+ 42.
Kg3 Nxg6 43. Kxg4 Ne5+ 44. Kf5 Nxc4 45. Ke6 $10) 39... Kf7 $19 40. Qd2 Nf4 0-1

[Event "Interzonal-15"]
[Site "Manila"]
[Date "1990.??.??"]
[Round "8"]
[White "Huebner, Robert"]
[Black "Shirov, Alexei"]
[Result "1-0"]
[WhiteElo "2585"]
[BlackElo "2580"]
[Annotator "Huebner,R"]
[PlyCount "93"]
[EventDate "1990.06.29"]
[EventType "swiss"]
[EventRounds "13"]
[EventCountry "PHI"]
[SourceTitle "CBM 019"]
[Source "ChessBase"]
[SourceDate "1990.12.01"]
[SourceVersion "1"]
[SourceVersionDate "1990.12.01"]
[SourceQuality "1"]

1. d4 Nf6 2. c4 g6 3. Nc3 Bg7 4. e4 d6 5. Nf3 O-O 6. h3 c5 (6... e5) 7. d5 e6
8. Bd3 exd5 9. exd5 Re8+ 10. Be3 Bf5 11. Bxf5 gxf5 12. O-O Ne4 13. Nxe4 fxe4
14. Nd2 Nd7 $5 (14... f5 15. f3 exf3 16. Rxf3 Rxe3 17. Rxe3 Bd4 18. Nf1 Qg5 (
18... f4 $2 19. Qg4+) 19. Qxd4 cxd4 20. Rg3 Qg6 21. Rd1 $16) (14... Qf6) 15.
Qg4 Nf6 16. Qh4 Nd7 17. Qg3 (17. Bg5 f6 18. Bh6 (18. Bf4 f5 19. Qxd8 Raxd8 20.
Bxd6 Bxb2 21. Rab1 Bc3 $17) 18... f5 19. Qg3 Qf6 20. Bxg7 Qxg7 21. Qxd6 Ne5 22.
Qxc5 Nd3 23. Qa3 (23. Qe3 $2 f4 24. Qe2 f3 25. Nxf3 Nf4 $19) (23. Qd6 Rad8 24.
Qg3 (24. Qh2 Qxb2 $17) 24... Qxg3 25. fxg3 e3 26. Nf3 Nxb2 $17) 23... Nf4 24.
g3 e3 25. Kh2 $8 e2 (25... Qh6 26. gxf4 Qxf4+ 27. Kg2 exd2 28. Qg3+ Qxg3+ 29.
Kxg3 Re2 30. Kf3 Rae8 31. Rfd1 Re1 32. d6 $18) (25... Ne2 26. Nf3 exf2 27. Nh4
$16) (25... exd2 26. gxf4 Qd4 27. Qc3 Qxc3 28. bxc3 Rac8 29. Kg2 Rxc4 30. Rfd1
$14) 26. Rfe1 (26. Rg1 Nxh3 27. Kxh3 Qh6+ 28. Kg2 Qxd2 $17) (26. gxf4 exf1=N+
27. Rxf1 Qd4 $17) 26... Nxh3 (26... Qd4 27. Qf3) 27. Kxh3 Qh6+ 28. Kg2 Qxd2 $44
) 17... Qf6 (17... Nf6 18. Bg5 {/\ Rae1+/-}) (17... f5 18. f3 $16 (18. Qxd6
Bxb2 19. Rab1 Be5 20. Qh6 b6 $13)) (17... Nf8 18. Bf4 $16) 18. Qg4 Ne5 $5 (
18... Qe7 19. Bg5 (19. Rae1 Nf6 20. Qf4 (20. Qh4 Nxd5 21. Qxe7 (21. Bg5 f6 22.
Nxe4 fxg5 23. Nxg5 Qxe1 24. Qxh7+ Kf8 25. Rxe1 Rxe1+ 26. Kh2 Re7 27. Qf5+ Nf6
$13) 21... Nxe7 22. Nxe4 Nf5 23. Bc1 Re6 $10) (20. Qf5 Qd7 21. Qxd7 (21. Qf4
Re7 22. f3 Rae8) 21... Nxd7 22. Bf4 f5 23. Bxd6 Bxb2 24. Rb1 Bc3 25. Rxb7 Nb6
26. Nb1 Bd4 $13 27. Na3 e3) 20... Qd7 21. f3 exf3 22. Qxf3 {/\ Bg5+/-}) 19...
Qe5 (19... Nf6 20. Qf4 {/\ Rae1+/-}) (19... f6 20. Bf4 $16) 20. Bf4 Qe7 21.
Rae1 $16) 19. Qxe4 Qg6 (19... Ng6 20. Qf3 (20. Qc2 Qxb2 21. Qxb2 Bxb2 22. Rab1
Bc3 23. Rxb7 Rxe3 24. fxe3 Bxd2 25. Rfxf7 Bxe3+ 26. Kh1 a5 27. Rg7+ Kf8 28.
Rxh7 Bd4 $40) 20... Qxb2 (20... Qxf3 21. Nxf3 Bxb2 22. Rab1 $18) (20... Qe7 21.
Rab1 $16) 21. Rab1 Qxa2 22. Rxb7 Re7 (22... Rf8 23. Ne4 Qxc4 24. Nxd6 Qa6 25.
Bxc5 Be5 26. Rd7 Bh2+ 27. Kxh2 Qxf1 28. Nxf7 $18) (22... Ne5 23. Qg3 {/\ Ne4+/-
}) 23. Rxe7 Nxe7 24. Rb1 $16 (24. Ne4 Qxc4 25. Qxf7+ Kxf7 26. Nxd6+ Kg8 27.
Nxc4 Nxd5 $13)) 20. Qxg6 hxg6 21. b3 Nd3 (21... a6 22. a4 Rab8 (22... b5 23.
axb5 axb5 24. Rxa8 Rxa8 25. cxb5 Rb8 26. Nc4) 23. a5 $16) 22. Rad1 (22. Rab1 $6
f5 23. Nf3 (23. g3 Be5 {/\ 24... Bg3, 24... f4}) 23... f4 24. Bd2 (24. Rfd1 Nb2
) 24... Re2 $13) 22... Nb4 (22... f5 23. Nf3 $16) 23. a4 Nc2 24. Bf4 Rad8 $2 (
24... Be5 {>=} 25. Bxe5 Rxe5 26. Nf3 Re2 27. Rd2 Rxd2 28. Nxd2 Nd4 29. Ne4 Rd8
30. Rb1 a5 31. Nc3 Kg7 32. Nb5 Nxb5 33. axb5 b6) 25. Nf3 Re4 26. g3 (26. Bg3 $2
Bh6 $13) (26. Bc1 $2 Rde8 $13) 26... a6 27. Rd2 (27. Rc1 Re2 28. Kg2 {/\ Ng1}
Nd4 29. Nxd4 Bxd4 $13) (27. Kg2 {/\ Rc1} b5 28. Rc1 Na3 $13) 27... Nb4 (27...
Nd4 28. Nxd4 Bxd4 29. Kg2 {/\ Kf3, Re2+/-}) 28. Re1 Rxe1+ 29. Nxe1 Bc3 30. Re2
Bxe1 $6 (30... Kf8 31. Nf3 $16 {/\} Nd3 32. Bg5 f6 33. Bh6+ Kf7 34. Re3 $18)
31. Rxe1 Nd3 32. Re7 $6 (32. Bg5 Nxe1 33. Bxd8 Nf3+ (33... Kf8 34. Bf6 Nf3+ 35.
Kf1 Nd2+ 36. Ke2 Nxb3 37. Bc3 Nc1+ (37... b6 38. Kd1 {/\ Kc2+-}) 38. Kd2 Na2
39. Ba5 $18) 34. Kf1 (34. Kg2 Nd2 35. Be7 Nxb3 36. Bxd6 f5 $13) 34... Nd2+ 35.
Ke2 Nxb3 36. Bc7 f5 (36... b5 37. cxb5 axb5 38. a5 $18) 37. Bxd6 $18) 32...
Nxf4 (32... b5 33. Ra7 bxc4 34. bxc4 Nb2 (34... Rb8 35. Rxa6 Rb2 36. Be3 $18)
35. Rxa6 Nxc4 36. a5 {/\ Ra7+-}) 33. gxf4 b5 (33... Rb8 34. Rd7 b5 35. Rxd6
bxc4 36. bxc4 Rb4 37. Rxa6 Rxc4 38. d6 Rd4 39. a5 {/\ Rc6+-}) 34. Ra7 bxc4 35.
bxc4 Rb8 36. Rxa6 Rb4 37. a5 (37. Rxd6 $2 Rxa4 $10) 37... Rxc4 (37... Ra4 38.
Rxd6 Rxa5 39. Rc6 $18) 38. Rxd6 Kf8 (38... Rxf4 39. Rd8+ Kg7 40. d6 Kf6 (40...
c4 41. a6 c3 42. a7 c2 43. Rc8 Ra4 44. d7 $18) 41. a6 Ra4 42. Re8 $18) (38...
Ra4 39. a6 c4 40. Rc6 Kf8 (40... c3 41. d6 $18) 41. Kf1 Ke7 42. Ke2 Ra3 43. h4
{/\ f5+-}) 39. f5 gxf5 40. Rc6 Ke7 41. Kg2 Rb4 (41... Rc1 42. h4 $18) (41...
Ra4 42. Rxc5 Kd6 43. Rb5 {/\ Kg3, f3, h4+-}) (41... Kd7 42. Kg3 $18) 42. Rxc5
Kd6 43. Rc6+ (43. Rc8 Ra4 44. Ra8 Kxd5 45. a6 Kc6 (45... Ke5 46. a7 Kf6 47. h4
Ra3 48. h5 Kg7 49. h6+ Kh7 50. Kh2 $18 {(.)}) 46. Kg3 Kb6 47. f3 {/\ h4+-})
43... Kxd5 44. Rf6 Ke4 45. Rxf7 Rb8 (45... Ra4 46. Ra7 $18) 46. Re7+ Kf4 47. a6
1-0

[Event "St Stefan/Belgrade m"]
[Site "Belgrade"]
[Date "1992.??.??"]
[Round "26"]
[White "Spassky, Boris Vasilievich"]
[Black "Fischer, Robert James"]
[Result "1-0"]
[WhiteElo "2560"]
[BlackElo "2785"]
[Annotator "Ftacnik,L"]
[PlyCount "115"]
[EventDate "1992.09.??"]
[EventType "match"]
[EventRounds "30"]
[EventCountry "YUG"]
[SourceTitle "CBM 031"]
[Source "ChessBase"]
[SourceDate "1992.12.01"]
[SourceVersion "1"]
[SourceVersionDate "1992.12.01"]
[SourceQuality "1"]

1. d4 Nf6 2. c4 c5 3. d5 d6 4. Nc3 g6 5. e4 Bg7 6. Bd3 O-O 7. Nf3 (7. Nge2 e6
8. O-O exd5 9. cxd5) 7... Bg4 8. h3 Bxf3 9. Qxf3 Nbd7 $6 (9... Nfd7 10. h4 $5)
(9... e6 $1 10. O-O (10. dxe6 fxe6 11. e5 $2 Nfd7 (11... dxe5 12. Qxb7 Qxd3 13.
Qxa8 e4 $13) 12. Qxb7 Nxe5 $132) 10... exd5 11. exd5 Nfd7 $1 12. Qd1 Na6 $10)
10. Qd1 $1 e6 11. O-O exd5 12. exd5 Ne8 (12... Re8 13. Bd2 a6 14. a4 Re7 15.
Qc2 {Anikaev-Balashov/URs-ch/1979/}) 13. Bd2 Ne5 $6 (13... Nc7 14. Bf4 Ne5) 14.
Be2 f5 15. f4 Nf7 16. g4 $1 Nh6 (16... Qh4 17. Kg2 Nf6 $2 18. Be1 $18) 17. Kg2
Nc7 18. g5 $1 Nf7 19. Rb1 Re8 20. Bd3 Rb8 21. h4 a6 22. Qc2 b5 23. b3 Rb7 (
23... Qd7 24. Ne2 Rb7 25. Ng3 Reb8 26. Nxf5 $5) 24. Rbe1 Rxe1 25. Rxe1 Qb8 26.
Bc1 Qd8 27. Ne2 bxc4 28. bxc4 Ne8 29. h5 (29. Ng3 Re7 $1 30. Rxe7 Qxe7 31. Nxf5
$6 gxf5 32. Bxf5 h6 $13) 29... Re7 30. h6 Bh8 (30... Bf8 31. Bb2 $18) 31. Bd2
Rb7 32. Rb1 $1 Qb8 33. Ng3 Rxb1 34. Qxb1 Qxb1 35. Bxb1 Bb2 36. Kf3 Kf8 37. Ke2
Nh8 (37... Ke7 38. Nxf5+ $1 gxf5 39. Bxf5 $18) 38. Kd1 Ke7 39. Kc2 Bd4 40. Kb3
Bf2 (40... Kd7 41. Bc3 $1 Bxc3 42. Kxc3 Ke7 43. Nxf5+ gxf5 44. Bxf5 $18) 41.
Nh1 Bh4 (41... Bd4 42. Bc3 Bxc3 43. Kxc3 Kf8 44. Ng3 Nf7 45. Kb3 $18) 42. Ka4
Nc7 43. Ka5 Kd7 44. Kb6 Kc8 45. Bc2 Nf7 46. Ba4 Kb8 (46... Nd8 47. Ka7 Nf7 48.
Bc6 Nd8 49. Ba8 Nxa8 50. Kxa8 Nb7 51. Ka7 $18) 47. Bd7 $1 Nd8 48. Bc3 $1 Na8+
49. Kxa6 Nc7+ 50. Kb6 Na8+ 51. Ka5 Kb7 52. Kb5 Nc7+ 53. Ka4 Na8 54. Kb3 Kc7 55.
Be8 Kc8 56. Bf6 Nc7 57. Bxg6 $1 hxg6 58. Bxd8 1-0

[Event "Katrineholm"]
[Site "Katrineholm"]
[Date "1999.05.11"]
[Round "1"]
[White "Speelman, Jonathan S"]
[Black "Fedorov, Alexei"]
[Result "1-0"]
[WhiteElo "2601"]
[BlackElo "2648"]
[Annotator "Huzman,A"]
[PlyCount "81"]
[EventDate "1999.05.??"]
[EventType "tourn"]
[EventRounds "9"]
[EventCountry "SWE"]
[EventCategory "12"]
[SourceTitle "CBM 071"]
[Source "ChessBase"]
[SourceDate "1999.08.01"]
[SourceVersion "1"]
[SourceVersionDate "1999.08.01"]
[SourceQuality "1"]

1. d4 Nf6 2. Nf3 g6 3. c4 Bg7 4. Nc3 d6 5. e4 O-O 6. h3 e5 7. d5 Na6 8. Nd2 $5
$146 {Similar to Speelman-Ivanchuk game Linares,1991. White`s idea is to
prevent Nc5 and a7-a5 set-up} Bh6 9. Be2 (9. Qc2 Nb4 10. Qb3 a5) 9... Nc5 10.
Qc2 a5 11. h4 $1 a4 (11... Ng4 $5 {[%cal Yf7f5]} 12. h5 (12. Bxg4 Bxg4 13. f3
Bd7 14. h5 Bg5 15. Nb3 $36 {>>}) 12... Qf6 13. Bf3 Qg7 $5 $132 {[%cal Yf7f5]})
12. h5 Bg7 13. Nf1 c6 14. Ng3 {[%cal Gg3f5]} cxd5 15. exd5 $5 (15. cxd5 Bd7 16.
Be3 Qa5 $132 {[%cal Yb7b5]}) 15... Ne8 16. hxg6 hxg6 {[%cal Yf7f5]} (16... fxg6
17. Be3 $16 {[%csl Ge4]}) 17. Nge4 Nxe4 18. Nxe4 f5 19. Nc3 (19. Ng5 Nf6 20.
Ne6 Bxe6 21. dxe6 Qe7 $17) 19... Bd7 20. g4 {This position looks very unclear,
but Black fail to find correct path} e4 $6 (20... Nf6 $5 21. Bd2 {/\22.0-0-0} (
21. gxf5 Bxf5 22. Qd1 Ne4 $132) (21. Bg5 a3 22. b3 Qa5 $132) 21... Nxg4 22.
Bxg4 fxg4 23. Qxg6 Bf5 24. Qh5 Rc8 25. b3 e4 $132) 21. gxf5 Bxf5 (21... gxf5
22. Bh6 Bxh6 23. Rxh6 $36) 22. Be3 Qa5 {[%cal Ya4a3]} 23. a3 $1 $16 {Now
Black`s counterplay is over.And White start to use Black`s weaknesses,
combining it with threats to Black`s King} b5 $6 (23... Nf6 24. Qd2 {[%cal
Ge3h6]} Ng4 25. Bxg4 Bxg4 26. Bd4 $40) 24. cxb5 Rc8 (24... Nc7 25. Qd2 $16 {
[%cal Ge3d4,Ge3h6]}) 25. Rc1 Rf7 (25... Nc7 26. Qd2 Nxb5 27. Bxb5 Bxc3 28. Rxc3
Qxb5 29. Qd4 $40 {/+-}) 26. Bd1 $1 $18 {[%csl Ra4]} Nf6 (26... Rc4 27. Qd2 Rfc7
28. b6 Rc8 29. Ne2 Qxd2+ 30. Bxd2 $18) 27. Qxa4 Qd8 28. b6 Nd7 {[%cal Yd7b6,
Yd7e5,Ye5d3,Yd7c5]} 29. Qb4 Nc5 (29... Ne5 30. Be2 $18) 30. Be2 Rb7 31. Na4 $1
Nd3+ (31... Nxa4 32. Rxc8 Qxc8 33. Qxa4 Bxb2 34. Qc6 Qa8 35. Ba6 $1 Qxa6 36.
Qe8+ Kg7 37. Qh8+ Kf7 38. Rh7+ $18) 32. Bxd3 Rxc1+ 33. Bxc1 exd3 34. Be3 Qe7
35. Kd2 Qe5 36. Nc3 {[%cal Ga3a6]} g5 37. a4 Rb8 38. a5 Bc8 39. Rg1 $1 g4 40.
Qf4 $1 Ra8 (40... Qe7 41. Bd4 $18 {[%cal Gg1e1]}) 41. Qxe5 (41. Qxe5 Bxe5 42.
b4 $18) 1-0

[Event "FIDE-Wch k.o."]
[Site "Moscow"]
[Date "2001.11.29"]
[Round "2.1"]
[White "Gyimesi, Zoltan"]
[Black "Shirov, Alexei"]
[Result "0-1"]
[WhiteElo "2605"]
[BlackElo "2706"]
[Annotator "Tsesarsky,I"]
[PlyCount "58"]
[EventDate "2001.11.27"]
[EventType "k.o."]
[EventRounds "7"]
[EventCountry "RUS"]
[SourceTitle "CBM 086"]
[Source "ChessBase"]
[SourceDate "2002.02.05"]
[SourceVersion "1"]
[SourceVersionDate "2002.02.05"]
[SourceQuality "1"]

1. d4 {Ftacnik} Nf6 2. c4 g6 3. Nc3 Bg7 4. e4 d6 5. h3 O-O 6. Bg5 Qe8 $5 {
Interesting reaction on the last move. Qd6 runs off the pin g5-d8, preparing
e7-e5, and after d4-d5 - f7-f5. Rf8 will be located excellent!} 7. Be2 (7. Nf3
$6 e5 8. dxe5 (8. d5 Nh5 9. Be2 (9. Be3 f5 10. exf5 gxf5 11. Nb5 Na6 $132) 9...
Nf4 10. Bxf4 exf4 11. Qd2 $132 {0-1 Kazhgaleyev,M-Barbero,G/Lisbon 2000/EXT
2001 (39)}) 8... dxe5 9. Be2 Na6 (9... c6 10. Qd6 Nbd7 11. O-O h6 12. Bh4 Kh7
13. Rad1 Rg8 14. Rd2 Nh5 15. Rfd1 Nf4 16. Qe7 (16. Bg3 Bf8 17. Qc7 $8 Ne6 {
[%csl Rc7][%cal Ge6c7]} 18. Qa5 $8 Bg7 $132) 16... g5 17. Qxe8 {1/2-1/2
Dydyshko,V-Shulman,Y/Ostrava 1998/EXT 99 (17)}) 10. O-O Nc5 11. Qc2 Ne6 12. Be3
Nh5 $132 {0-1 Cramling,P-Jonsson,H/SWE 1994/EXT 2000 (41)}) (7. Nge2 e5 8. d5
a5 (8... Na6 9. g4 Nc5 10. Ng3 a5 11. Be2 c6 12. h4 cxd5 13. cxd5 Bd7 14. Be3
Qb8 15. a4 $16 {[%csl Rb5][%cal Gb7b5]} (15. h5 b5 16. g5 Ne8 17. hxg6 fxg6 18.
Bg4 Qc8 19. Bxd7 Qxd7 20. Rh4 $14 {0-1 Tupy,M-Maryasin,B/Olomouc CZE 2001/The
Week in Chess 354 (39)})) 9. g4 Na6 10. Ng3 Nd7 11. h4 Ndc5 12. Be2 Bd7 13. Qd2
Nb4 14. h5 $14 {1/2-1/2 Agrest,E-Gdanski,J/Stockholm 1998/EXT 99 (69)}) (7. g4
{This move is much better after e7-e5 and d4-d5 - with closed center!} c5 8. d5
(8. Nge2 $6 cxd4 9. Nxd4 Nc6 $132 {0-1 Lehner,O-Beliavsky,A/Moerbisch AUT 2001/
The Week in Chess 366 (24)}) 8... e6 $1 9. Qf3 Nbd7 10. O-O-O a6 11. Qf4 e5 12.
Qe3 b5 13. Nge2 Nb6 14. Ng3 b4 15. Nb1 Qa4 16. Qb3 Qxb3 17. axb3 $11 {1/2-1/2
Renet,O-Nataf,I/Clichy FRA 2001/The Week in Chess 348 (40)}) ({Worth of
attention} 7. Bd3 $5 e5 8. d5 a5 (8... Na6 9. g4 $1 {-see commented game 1/2-1/
2 Avrukh,B-Mohr,G/Pula 2000/CBM 77 [Hazai,L](51)} (9. Nge2 Nd7 10. a3 f5 11. b4
f4 12. f3 Bf6 $132 {[%csl Rg3] 1-0 Meissner,B-Lorenz,S/Mainz GER 2001/The Week
in Chess 331 (39)})) (8... Nh5 9. Nge2 f5 10. exf5 gxf5 11. g4 h6 12. Be3 Nf4
13. Bxf5 Bxf5 14. gxf5 Rxf5 15. Qc2 $16 {-see commented game 1-0 Tyomkin,
D-Sasikiran,K/Biel 1999/EXT 2000[Tyomkin,D] (35)}) 9. g4 Na6 10. Nge2 Nd7 11.
Ng3 Ndc5 12. Be2 Kh8 (12... Bd7 13. Rg1 a4 14. Nf5 f6 (14... gxf5 15. gxf5 $18)
15. Nxg7 Kxg7 16. Be3 g5 17. h4 h6 18. f3 Qe7 19. Qd2 Rh8 20. Kf2 b6 21. Rg2
Rh7 22. Rh1 $16 {1-0 Lazarev,V-Goldenberg,D/Montreal 2000/CBM 79 no vc (57)})
13. h4 f6 14. Be3 $14 {0-1 Granero Roca,A-Damljanovic,B/Lorca ESP 2001/The
Week in Chess 349 (25)}) 7... Na6 $146 ({White had played here only} 7... e5 8.
d5 {and only here} Na6 (8... a5 9. g4 (9. Bf3 $6 {Strange idea.} Na6 10. Nge2
Kh8 11. g4 Ng8 12. Be3 f5 $132 {0-1 Chernin,A-Cebalo,M/Bled 1999/EXT 2000 (25)}
) (9. h4 $5 Na6 10. h5 Nc5 11. Bf3 c6 12. hxg6 fxg6 13. Nge2 cxd5 14. Bxf6 Bxf6
15. Nxd5 Bd8 16. Nec3 Bd7 17. a4 Qf7 18. Ra3 $14 {1/2-1/2 Kozul,Z-Stevic,H/
Solin-Split CRO 2001/The Week in Chess 371 (73)}) 9... Na6 10. Nf3 Nd7 (10...
Kh8 11. Nd2 Ng8 12. h4 f5 13. f3 f4 14. h5 Bf6 15. hxg6 Qxg6 16. Bxf6+ Nxf6 17.
Nb3 $14 {0-1 Lazarev,V-Cebalo,M/Estensi ITA 2001/The Week in Chess 344 (40)})
11. Nd2 Ndc5 12. Nf1 f5 13. gxf5 gxf5 14. Rg1 Kh8 15. Ng3 Qg6 16. h4 fxe4 17.
Bh5 Nd3+ 18. Kd2 Rxf2+ (18... Nxb2 19. Qe2 Rxf2 20. Qxf2 e3+ 21. Qxe3 Nxc4+ 22.
Kc1 Nxe3 23. Bxg6 $18 {1-0 Klimov,S-Sandstrom,L/Stockholm 1999/CBM 70 ext (30)}
) 19. Ke3 Nxb2 (19... Rf3+ 20. Bxf3 Nxb2 21. Bh5 Nxd1+ 22. Raxd1 $18 {[%csl
Rg6]}) 20. Qb1 Rf3+ 21. Ke2 (21. Bxf3 Nxc4+ 22. Kf2 exf3 $17) 21... Rxg3 22.
Bxg6 Rxg1 23. Qxg1 hxg6 24. Bc1 Nxc4 25. Qxg6 $18) 9. g4 $1 (9. Qd2 $5 Nh5 $1
10. Bxh5 gxh5 11. Nge2 (11. g4 f6 12. Bh6 Bxh6 13. Qxh6 Qg6 14. Qd2 hxg4 15.
hxg4 Bxg4 16. f3 Bd7 17. Nge2 Kh8 18. O-O-O Rg8 19. Rh6 Qg5 20. Rdh1 Rg7 21. f4
exf4 22. Nxf4 Nc5 23. Kc2 Nxe4 24. Nxe4 Bf5 $17 {0-1 Flear,G-David,A/Clichy
1995/CBM 51 ext (52)}) 11... f5 12. exf5 Bxf5 13. Ng3 Bg6 14. Nge4 b6 15. O-O
Nc5 16. f3 $14) 9... Nc5 (9... Bd7 10. Nf3 c6 11. Nd2 cxd5 12. cxd5 Nc5 13. Be3
$14 {1/2-1/2 Agrest,E-Arizmendi Martinez,J/Reykjavik 2000/CBM 75 ext (23)}) 10.
Qc2 c6 11. b4 Na6 12. a3 cxd5 13. cxd5 Bd7 14. Nf3 Rc8 15. Nd2 Nc7 $14 (15...
Nxd5 $2 16. exd5 e4 17. Nc4 b5 18. Nxd6 Qe5 19. Nxc8 Rxc8 20. Qd2 Rxc3 21. Bf4
Qe8 22. Ra2 $18 {1-0 Poluljahov,A-Zulfugaryi,M/Swidnica 1999/EXT 2000 (33)}))
8. Nf3 e5 9. d5 Nh5 10. g3 (10. Nd2 Nf4 11. O-O f5 $132) 10... f6 (10... f5 11.
exf5 gxf5 $132) 11. g4 $6 {Ftacnik: 'White makes a risky decision in a strong
conviction, that opening of the kingside is dangerous also for black.'} (11.
Be3 $142 $5 f5 12. exf5 gxf5 13. Ng5 Nf6 14. Nb5 h6 15. Nf3 b6 $14) 11... fxg5
12. gxh5 gxh5 (12... h6 13. Ng1 Rf4 14. Bg4 Nc5 $15) 13. Nxg5 Qe7 14. Rg1 (14.
Qd2 Rf4 15. Rg1 Kh8 $132 (15... h6 $2 16. Ne6 Bxe6 17. dxe6 Qxe6 18. Nd5 Rh4
19. Rg6 $1 Qf7 20. Qxh6 Kf8 $8 21. Qh7 {[%cal Gg6g5]} Nc5 $8 22. Ne3 $16 {
[%cal Ge3f5]})) 14... Qf6 (14... h6 15. Ne6 Bxe6 16. dxe6 Nc5 $132) 15. Rg2 Kh8
16. Bxh5 Bh6 17. h4 Nc5 (17... Qf4 18. Ne2 Qf6 19. Rc1 $16) 18. b4 $4 $19 {
Natural move, but decisive mistake! Shirov had calculated this continuation
precisely! '?!' Ftacnik. Ftacnik: 'This double edged move will definitely
disturb the balance, more careful 18.Qd2 would keep the peaceful character of
the play. '} (18. Qd2 a5 19. O-O-O (19. Rg3 {Ftacnik} Bd7 20. Rf3 Qe7 $11)
19... Bd7 20. Kb1 $14) 18... Qf4 $1 ({Of course, not} 18... Na6 $4 $14) 19. Ne2
({Loses also} 19. Nf7+ Rxf7 20. Bxf7 {[%csl Rh8][%cal Gg2g8] because of} Bh3 $1
21. Rg3 (21. Rg1 Nxe4 22. Nxe4 Qxe4+ 23. Qe2 Qd4 24. Rd1 Qc3+ $19) 21... Nxe4
22. Rf3 Qxh4 (22... Qd2+ 23. Qxd2 Bxd2+ 24. Ke2 Bxc3 25. Rg1 Bxb4 26. Rxh3 Rf8
27. Rf3 Nc3+ 28. Kf1 $16) 23. Nxe4 Qxe4+ 24. Qe2 Qh4 $1 {[%cal Gh3g4]} (24...
Qxe2+ 25. Kxe2 Bg4 {[%cal Ge5e4]} 26. Be6 Bxf3+ 27. Kxf3 Rf8+ $17) 25. Rg3 Bf4
26. Rg1 Bh2 27. Rh1 Bg2 28. Rf1 Rf8 29. Be6 Rf4 $19 {[%csl Rb4,Rc4,Re1,Rf1]
[%cal Gf4e4]}) 19... Qxh4 {[%csl Rg5,Rh5]} 20. Nf7+ (20. bxc5 Bxg5 {[%csl Rh5]}
21. Ng3 Qh3 {[%csl Rg2]} 22. Rg1 Qh2 {[%csl Rf2,Rg1]} 23. Rf1 Bh3 $19) 20...
Rxf7 21. Bxf7 Bh3 22. Rh2 (22. bxc5 Bxg2 23. Ng3 Bf4 $19 {[%csl Re4,Rf7,Rg3]
[%cal Ga8f8,Gf8f2]}) 22... Nxe4 {[%csl Re1][%cal Gh6d2]} 23. Qd3 (23. Qb3 Bd2+
24. Kd1 Bf4 25. Rxh3 Nxf2+ 26. Kc2 Nxh3 27. Rh1 Qf2 28. Qd3 Ng5 29. Bg6 {
[%csl Rh7]} e4 $1 30. Bxe4 Re8 31. Bf3 Re3 $19) 23... Bd2+ 24. Kd1 Bxb4 (24...
Nxf2+ $6 {Ftacnik} 25. Rxf2 Qxf2 26. Qxh3 $1 (26. Kxd2 {Ftacnik} Bg4 27. Be6
Bxe2 28. Qe3 Qxe3+ 29. Kxe3 $19 Bxc4) 26... Qe1+ 27. Kc2 Qxa1 28. Bg6 Qxa2+ 29.
Kd1 $15) 25. Rb1 $2 $19 {'?' Ftacnik. Ftacnik: 'The last mistake in a very
sharp position, white was still able to question opponent's advantage with the
exact move 25.Kc2! '} ({Gyimesi doesn't want to play equal position after right
} 25. Kc2 $1 Nxf2 (25... Qf6 {Ftacnik} 26. Rxh3 Ng5 27. Rh5 e4 28. Qd4 Qxd4 29.
Nxd4 Nxf7 30. Ne6 $16) 26. Qf3 {[%csl Rf2]} Bc5 (26... Qxc4+ 27. Kb1 $8 {
[%cal Gf3f6]} Qh4 28. Qxf2 (28. Rxf2 Bg4 29. Qg3 Qxg3 30. Nxg3 Bc3 31. Rc2 Bxa1
32. Kxa1 Rc8 33. Be6 Bxe6 34. dxe6 c6 35. Nf5 Re8 36. Nxd6 Rxe6 37. Nxb7 $11)
28... Ba3 (28... Qxf2 {Ftacnik} 29. Rxf2 Rf8 $13) 29. Nc3 (29. Qxh4 $4 Bf5+)
29... Qb4+ 30. Kc2 Qb2+ 31. Kd3 e4+ 32. Nxe4 Qxa1 33. Rh1 $1 Qg7 34. Rxh3 Rf8
35. Rf3 Bc5 36. Nxc5 dxc5 37. Kc2 $14) 27. Be6 {[%csl Rh3]} Bg4 (27... Qxc4+
28. Nc3 Ng4 29. Bxg4 Qxg4 (29... Bxg4 30. Rxh7+ Kxh7 31. Qf7+ $18) 30. Qxh3 $18
) 28. Bxg4 Qxg4 29. Qf6+ Qg7 30. Rxf2 Bxf2 31. Qxf2 Rf8 $132) (25. Rxh3 $2 {
Ftacnik} Qxh3 26. Qxe4 (26. Qxh3 {Ftacnik} Nxf2+ 27. Kc2 Nxh3 $19) 26... Qf1+
27. Kc2 Qxa1 $19) 25... Bf5 26. Qf3 Qg5 {[%csl Rd2][%cal Gg5d2]} 27. Rb2 Nc3+
28. Ke1 (28. Nxc3 Bg4 $19) 28... Nxe2+ 29. Rxb4 Nd4 {[%csl Rb4,Re1,Rh2][%cal
Gg5c1,Gg5g1]} 0-1